000 00536nam a22001697a 4500
003 NUST
038 _aNusrat Nadeem
082 _a200
100 _aRauf, Bilal
_9124444
245 _aA Secure Communication Framework for Enterprise Networks using SDN/
_cBilal Rauf,
264 _aRawalpindi;
_bMCS NUST
_c2021.
300 _a103,p;
_bill;
_c30,cm.
690 _aPh.D-Information Security
_9124437
700 _aSupervisor:Dr. Haider Abbas
_9118399
856 _uhttp://10.250.8.41:8080/xmlui/handle/123456789/28923
942 _2ddc
_cSC
999 _c610302
_d610302